Real estate investment : (Record no. 13737)
[ view plain ]
| 000 -LEADER | |
|---|---|
| fixed length control field | 00435cam a2200157 i 4500 |
| 020 ## - INTERNATIONAL STANDARD BOOK NUMBER | |
| ISBN | 047106582X |
| 040 ## - CATALOGING SOURCE | |
| Transcribing agency | DLC |
| 082 00 - DEWEY DECIMAL CLASSIFICATION NUMBER | |
| Classification number | 332 WIL 1977 A010 Or. |
| 100 1# - MAIN ENTRY--AUTHOR NAME | |
| Personal name | Wiley, Robert J. |
| 245 10 - TITLE STATEMENT | |
| Title | Real estate investment : |
| Remainder of title | analysis and strategy / |
| 260 ## - PUBLICATION, DISTRIBUTION, ETC. (IMPRINT) | |
| Place of publication | New York : |
| Name of publisher | Wiley, |
| Year of publication | c1977. |
| 300 ## - PHYSICAL DESCRIPTION | |
| Number of Pages | viii, 374 p. : |
| Other physical details | ill. ; |
| Dimensions | 25 cm. |
| 500 ## - GENERAL NOTE | |
| General note | "A Ronald Press publication." |
| 650 #0 - SUBJECT ADDED ENTRY--TOPICAL TERM | |
| Topical Term | Real estate investment. |
| 942 ## - ADDED ENTRY ELEMENTS (KOHA) | |
| Koha item type | សៀវភៅភាសាអង់គ្លេស |
| 952 ## - LOCATION AND ITEM INFORMATION (KOHA) | |
| Withdrawn status [LOCAL, KOHA] | 0 |
| Permanent Location | Date acquired | Koha item type | Lost status | Shelving location | Barcode | Current Location | Full call number |
|---|---|---|---|---|---|---|---|
| Library Block A | 2017-08-30 | សៀវភៅភាសាអង់គ្លេស | A012 | A18414 | Library Block A | 332 WIL 1977 A012 Or. |